| 000 | 00929nam a2200253 a 4500 | ||
|---|---|---|---|
| 999 |
_c347504 _d347504 |
||
| 003 | BLK | ||
| 005 | 20250304113815.0 | ||
| 008 | 200103b bu ||||| |||| 00| 0 bu d | ||
| 020 | _a9789545298097 | ||
| 040 | _aBLK | ||
| 041 |
_aBUL _cBUL |
||
| 080 |
_aМексиканска литература _b821.134.2(720) _x-31 _z821.134.2(720)-31 |
||
| 100 |
_aЕскивел, Лаура _eпърви автор _91299 |
||
| 139 |
_aЕскивел, Лаура _bЕ 88 |
||
| 245 |
_aЗаконът на любовта : Роман _cЛаура Ескивел ; прев. от исп. Десислава Антова |
||
| 260 |
_9209486 _aСофия _bКолибри _c2010 |
||
| 300 |
_a190 с. _c20 см. |
||
| 380 | _aX | ||
| 700 |
_9345900 _aАнтонова, Десислава _eпрев. от исп. |
||
| 852 |
_bП _cП 860(7/8)-31/Е 88 |
||
| 942 |
_cKNG _n0 _s1 _018 |
||
| 944 |
_aCR _c2020-01-03 _k30530 _lМинев Младен |
||
| 999 | _d347504 | ||